Introducción al análisis cualitativo semimicro / (Record no. 171951)

MARC details
000 -LEADER
campo de control de longitud fija 00660nam a22001935i 4500
001 - NÚMERO DE CONTROL
campo de control 171951
003 - IDENTIFICADOR DE NÚMERO DE CONTROL
campo de control ES-MaACL
005 - FECHA Y HORA DE LA ÚLTIMA TRANSACCIÓN
campo de control 20230906214757.0
008 - DATOS DE LONGITUD FIJA--INFORMACIÓN GENERAL
campo de control de longitud fija 090609s1973 sp |||| | spa d
080 ## - NÚMERO DE LA CLASIFICACIÓN DECIMAL UNIVERSAL
Número de la Clasificación Decimal Universal 543.061:546(075.8)
080 ## - NÚMERO DE LA CLASIFICACIÓN DECIMAL UNIVERSAL
Número de la Clasificación Decimal Universal 546:543.061(075.8)
100 1# - ENTRADA PRINCIPAL--NOMBRE DE PERSONA
Nombre de persona Sorum, C. H.
9 (RLIN) 140565
245 10 - MENCIÓN DEL TÍTULO
Título Introducción al análisis cualitativo semimicro /
Mención de responsabilidad, etc. C. H. Sorum ; traducción y adaptación Dr. Juan A. Garbarino.
260 ## - PUBLICACIÓN, DISTRIBUCIÓN, ETC.
Lugar de publicación, distribución, etc. Madrid :
Nombre del editor, distribuidor, etc. Prentice Hall Internacional,
Fecha de publicación, distribución, etc. [1973]
300 ## - DESCRIPCIÓN FÍSICA
Extensión XV, 256 p. ;
Dimensiones 24 cm.
650 #4 - PUNTO DE ACCESO ADICIONAL DE MATERIA--TÉRMINO DE MATERIA
Término de materia o nombre geográfico como elemento de entrada Análisis químico cualitativo.
9 (RLIN) 9776
700 1# - ENTRADA AGREGADA--NOMBRE PERSONAL
Nombre de persona Garbarino, Juan A.
9 (RLIN) 53949
852 ## - LOCALIZACIÓN
Ubicación ES-MaACL
Número de control de estantería E-7518
itemnumber R.91823
Holdings
Estatus retirado Estado de pérdida Estado de daño No para préstamo Biblioteca de origen Biblioteca actual Ubicación en estantería Fecha de adquisición Fuente de adquisición Total de préstamos Signatura topográfica completa Código de barras Visto por última vez Precio de reemplazo Tipo de ítem Koha
        Biblioteca del Ateneo de Madrid Biblioteca del Ateneo de Madrid Depósito 2 09/06/2009     E-7518 1180456 23/02/2023 23/02/2023 Libro impreso